Análisis de la metodología de diseño de muros esbeltos de mampostería del Código Sísmico de Costa Rica 2010
Guardado en:
| Hovedforfatter: | |
|---|---|
| Format: | Bog |
| Sprog: | Spanish |
| Udgivet: |
[San José], Costa Rica
2013
|
| Fag: | |
| Tags: |
Tilføj Tag
Ingen Tags, Vær først til at tagge denne postø!
|
MARC
| LEADER | 00000nam a22000007a 4500 | ||
|---|---|---|---|
| 001 | 6939 | ||
| 003 | 011770 | ||
| 005 | 20221231143912.0 | ||
| 008 | 150908b2013 cr a|||| |||| 00| 0 spa d | ||
| 040 | |c cru CEDI | ||
| 100 | |a Sarkis Fernández, Ana Isabel |9 1119 | ||
| 245 | |a Análisis de la metodología de diseño de muros esbeltos de mampostería del Código Sísmico de Costa Rica 2010 | ||
| 260 | |a [San José], Costa Rica |c 2013 | ||
| 500 | |a Proyecto de graduación (licenciatura en ingeniería civil)--Universidad de Costa Rica. Facultad de Ingeniería. Escuela de Ingeniería Civil | ||
| 650 | |x MAMPOSTERIA |x MUROS - DISEÑO - METODOLOGIA |x CODIGO SISMICO |x DISEÑO DE ESTRUCTURAS |x REFUERZO (CONSTRUCCION) |9 1120 | ||
| 942 | |c BK | ||
| 999 | |c 13981 |d 13981 | ||
